000
00208nam a2200073Ia 4500
008
170617s9999 xx 000 0 und d
100
_a
Lednicer- daniel
245
4
_a
The Organic Chemistry of Drug Synthess
260
_b
John wiley & Sons- Inc.
999
_c
15196
_d
15196